Monografie jako krásné umění

Bibliographic Details
Main Author: Ptáčková, Věra, 1933- (Author)
Format: Article
Language:Czech
ISSN:1336-5584
Subjects:

MARC

LEADER 00000nab a2200000 ar4500
001 vtls008996378
003 SK-MaSNL
005 20260303065741.0
008 070606c2007 xo mr|p|||||||000 b|cze
015 |a SNBRB2007/06  |2 snkbucl 
038 |a SNKBUCL 
040 |a SNKBUCL  |b slo  |c SNKBUCL  |e AACR2 
041 0 |a cze 
044 |a xo  |c SK 
080 |a 792.021.071.1  |2 2001 
100 1 |a Ptáčková, Věra,  |d 1933-  |4 aut  |9 208713 
245 1 0 |a Monografie jako krásné umění  |c Věra Ptáčková 
600 1 7 |a Votava, Aleš,  |d 1962-2001  |2 snkbucl  |9 182083 
600 1 7 |a Poláčková, Dagmar  |t Aleš Votava  |2 snkbucl  |9 1061276 
650 0 7 |a monografie  |2 snkbucl  |9 256509 
773 0 |t Knihy a spoločnosť  |g Štvrtý ročník, č. 4 (2007), s. 11  |x 1336-5584 
852 |a SNK  |b KIS3GCP 
958 |a SK 
999 |c 1752514  |d 1754444